10 Smallest European Countries Quiz Stats

Quiz Updated Nov 20, 2014

Challenge
Share
Tweet
Embed
Score 0/10 Timer 04:00
0 Plays Today
% Correct
Vatican City
97.2%
Monaco
94.2%
San Marino
94%
Liechtenstein
92.8%
Andorra
92.7%
Malta
91.7%
Luxembourg
91.2%
Cyprus
74.6%
Kosovo
73.1%
Montenegro
54.7%

You're not logged in!

Compare scores with friends on all Sporcle quizzes.
Join for Free
OR
Log In

You Might Also Like...

Show Comments

Extras

Top Quizzes Today


Score Distribution

Your Account Isn't Verified!

In order to create a playlist on Sporcle, you need to verify the email address you used during registration. Go to your Sporcle Settings to finish the process.

Report this User

Report this user for behavior that violates our Community Guidelines.

Details: